| 000 | 00865nam a2200193 i 4500 | ||
|---|---|---|---|
| 001 | 158577 | ||
| 003 | ES-MaACL | ||
| 005 | 20230906211223.0 | ||
| 008 | 040831s1883 fr |||| | fre d | ||
| 040 |
_aCAM _bspa _cCAM |
||
| 100 | 1 |
_aMallez, François. _9129390 |
|
| 245 | 1 | 0 |
_aFormulaire des maladies des voies urinaires / _cpar F. Mallez; notes thérapeutique et cliniques recueillies à la clinique de la rue Christine. |
| 260 |
_aParis : _bAdrien Delahaye et Emile Lecrosnier éditeurs, _c1883 ( _eCorbeil : _fTyp. et stér. Créte) |
||
| 300 |
_a292 p. ; _c17 cm. |
||
| 500 | _aEn port.: notes thérapeutiques et cliniques recueillies à la Clinique de la rue Christine. | ||
| 504 | _aÍndice. | ||
| 650 | 4 |
_aAparato urinario- _xEnfermedades. _99913 |
|
| 852 |
_aES-MaACL _jG-10350 _z-- Enc. hol. conservando la cub. original _z-- Legado Gustavo Saenz Diez |
||
| 999 |
_c158577 _d158577 |
||